000 00939nam a2200241 a 4500
001 000020520
005 20200930011125.0
008 100322s2004 cu 000 0 spa d
020 _a959258687X
040 _aDO-SdBNP
_bspa
_cBNPHU
082 _axxxx
_bSi844
245 0 0 _aSistemas de informacion :
_bprincipios y aplicaciones /
_ccoordinadora Gloria Ponjuán Dante, Mayra M. Mena Mugica, María del Carmen Villardefrancos Álvarez, Magda León Santos, Yohannis Martí Lahera.
260 _aLa Habana, Cuba :
_bFéliz Varela,
_c2004.
300 _a163 p. : ;
_c24 cm.
490 0 _aColectivo de autores
504 _aBibliografía p: 159-161
700 1 _aPonjuán Dante, Gloria
_ecoord.
_943216
700 1 _aMena Mugica, Mayra M.
_943217
700 1 _aVillardefrancos Álvarez, María del Carmen
_943224
700 1 _aLeón Santos, Magda
_943225
700 1 _aMartí Lahera, Yohannis
_943237
830 0 _aColectivo de autores
_943219
999 _c20024
_d20024